000 00427nam a2200181Ia 4500
001 14237
005 20260306164859.0
008 260306t2005||||xx |||||||||||||| ||spa||
041 _aESP
082 _a510.076
_bE88 2005
100 _aEspinoza Ramos, Eduardo
_eAUT
245 0 _aMatemática básica
260 _c2005
300 _a784 páginas :
_c22 cm.
650 _aGEN
654 _aCMA
942 _cLIB
_dJUS
_fJUS
_2ddc
_n
999 _c14237
_d14237